Europe quarterly (Record no. 108974)
[ view plain ]
| 000 -LEADER | |
|---|---|
| fixed length control field | 01291cad a22002295a 4500 |
| 001 - CONTROL NUMBER | |
| control field | L145937 |
| 008 - FIXED-LENGTH DATA ELEMENTS--GENERAL INFORMATION | |
| fixed length control field | 081125s2008 xxkad f s 000 0 eng d |
| 035 ## - SYSTEM CONTROL NUMBER | |
| System control number | (Sirsi) u145937 |
| 041 0# - LANGUAGE CODE | |
| Language code of text/sound track or separate title | eng |
| 050 04 - LIBRARY OF CONGRESS CALL NUMBER | |
| Classification number | 333.33 $2 18 |
| 110 2# - MAIN ENTRY--CORPORATE NAME | |
| Corporate name or jurisdiction name as entry element | Atisreal |
| 9 (RLIN) | 5337 |
| 245 00 - TITLE STATEMENT | |
| Title | Europe quarterly |
| Remainder of title | office market quarter three 2008 |
| Medium | [electronic resource] |
| 260 ## - PUBLICATION, DISTRIBUTION, ETC. | |
| Place of publication, distribution, etc. | [S.l.] |
| Name of publisher, distributor, etc. | Atisreal |
| Date of publication, distribution, etc. | 2008 |
| 490 #0 - SERIES STATEMENT | |
| Series statement | Atisreal Europe Quarterly Office Market |
| Volume/sequential designation | Quarter Three 2008 |
| 520 ## - SUMMARY, ETC. | |
| Summary, etc. | Reports that the economic downturn in the Eurozone and the UK is adversely impacting on office markets, with demand overall falling. Finds prime rents falling in Central London, but more resilient in other cities. Vacancy rates did not increase significantly in the third quarter, except Central London. Elsewhere vacancy rates remain low in the Central Business districts, but tend to increase in the peripheries. Expects a fall in take-up volume and rents and an increase in vacancy rates in most Euromarkets in 2009. |
| 590 ## - LOCAL NOTE (RLIN) | |
| Local note | KA |
| 650 24 - SUBJECT ADDED ENTRY--TOPICAL TERM | |
| Topical term or geographic name entry element | ATISREAL EUROPE QUARTERLY OFFICE MARKET |
| 651 #4 - SUBJECT ADDED ENTRY--GEOGRAPHIC NAME | |
| Geographic name | Europe |
| 690 ## - LOCAL SUBJECT ADDED ENTRY--TOPICAL TERM (OCLC, RLIN) | |
| Topical term or geographic name as entry element | PROPERTY-COMMERCIAL PROPERTY-COMMERCIAL PROPERTY MARKET |
| 856 40 - ELECTRONIC LOCATION AND ACCESS | |
| Uniform Resource Identifier | <a href="https://www.atisreal.com/">https://www.atisreal.com/</a> |
| Public note | View this report free of charge under market research at www.atisreal.com... |
| 942 ## - ADDED ENTRY ELEMENTS (KOHA) | |
| Suppress in OPAC | 0 |
| Withdrawn status | Lost status | Source of classification or shelving scheme | Damaged status | Not for loan | Home library | Current library | Shelving location | Date acquired | Total Checkouts | Full call number | Barcode | Date last seen | Copy number | Price effective from | Koha item type |
|---|---|---|---|---|---|---|---|---|---|---|---|---|---|---|---|
| Dewey Decimal Classification | Virtual | Virtual | Online | 25/11/2008 | ONLINE PUBLICATION | 145937-2001 | 06/08/2019 | 1 | 06/08/2019 | Book |